Kierowcy F1 po ścieżce kariery! - Statystyki

Ogólne statystyki
  • Ten quiz został rozwiązany 58 razy
  • Średni wynik to 12 z 15
Statystyki odpowiedzi
Kariera Kierowca % Poprawnych
Minardi -> Renault -> McLaren -> Ferrari -> McLaren -> Alpine -> Aston Martin Fernando Alonso
98%
McLaren -> Mercedes -> Ferrari Lewis Hamilton
98%
Toro Rosso -> Red Bull Max Verstappen
98%
Sauber -> Ferrari Charles Leclerc
96%
Sauber -> McLaren -> Force India -> Racing Point -> Red Bull -> Cadillac Sergio Perez
94%
Williams -> Mercedes -> Alfa Romeo -> KICK Sauber -> Cadillac Valtteri Bottas
94%
Toro Rosso -> Renault -> McLaren -> Ferrari -> Williams Carlos Sainz
92%
BMW Sauber -> Toro Rosso -> Red Bull -> Ferrari -> Aston Martin Sebastian Vettel
90%
Toro Rosso -> Red Bull -> Toro Rosso -> Alpine Pierre Gasly
85%
BMW Sauber -> Renault -> Williams -> Alfa Romeo Robert Kubica
85%
Williams -> Benetton -> BAR -> Honda -> Brawn GP -> McLaren Jenson Button
83%
HRT -> Toro Rosso -> Red Bull -> Renault -> McLaren -> VCARB Daniel Ricciardo
77%
McLaren -> Renault -> Haas Kevin Magnussen
69%
Jordan -> Stewart -> Ferrari -> Honda -> Brawn GP -> Williams Rubens Barrichello
58%
Jordan -> Toyota -> Virgin -> Marussia Timo Glock
27%
Nie znaleziono quizów pasujących do podanych kryteriów
Rozkład punktacji
Procent ludzi z każdym wynikiem
Percentyl według liczby udzielonych odpowiedzi
Twoja historia wyników
Nie rozwiązałeś tego quizu